| 000 | 00845nam a22002297a 4500 | ||
|---|---|---|---|
| 008 | 081223t xxu||||| |||| 00| 0 eng d | ||
| 010 | _aENG-92293 | ||
| 020 | _c100.00 | ||
| 035 | _aEN-75826 | ||
| 037 | _bDBAD / PUB | ||
| 040 |
_adpl _bEnglish |
||
| 082 | _a005.133 | ||
| 100 | _aMala, R. | ||
| 245 |
_aIntroduction to C and data structures / _cby R. Mala |
||
| 260 |
_aPudukkottai _bMeerra Pathippagam _c2008 |
||
| 270 |
_a2470, South Main Street, _bPudukkottai _e622001 |
||
| 300 |
_a160p. _c19cm (pbk) |
||
| 650 | _aC (Computer program language). | ||
| 650 | _aData structures (Computer science). | ||
| 942 |
_2ddc _cEN _mMAL _h005.133 |
||
| 999 |
_c20222 _d20222 |
||